[Event "Frankfurt Ch 2006"]
[Site "Ffm-Kalbach, LAZ"]
[Date "2006.05.29"]
[Round "6.1"]
[White "Telljohann, Sven"]
[Black "Solonar, Stefan"]
[Result "1-0"]
[WhiteElo "2377"]
[BlackElo "2264"]
[PlyCount "49"]
[EventDate "2006.??.??"]

1. b3 e5 2. Bb2 d6 3. g3 g6 4. Bg2 Bg7 5. c4 Nf6 6. d4 O-O 7. dxe5 Ng4 8. Nc3
Nxe5 9. h3 Nbc6 10. Qd2 Re8 11. f4 Nd7 12. e4 Nc5 13. Nge2 a5 14. O-O a4 15.
Nd5 Nxe4 16. Bxe4 Rxe4 17. Bxg7 Kxg7 18. Qb2+ f6 19. Rae1 Bxh3 20. Nec3 Rd4 21.
Rf3 axb3 22. axb3 Bf5 23. Rfe3 Qf8 24. Nxc7 Rc8 25. N3b5 1-0

[Event "Frankfurt Ch 2006"]
[Site "Ffm-Kalbach, LAZ"]
[Date "2006.05.29"]
[Round "6.2"]
[White "Isserman, Ryhor"]
[Black "Reschke, Stefan"]
[Result "0-1"]
[WhiteElo "2254"]
[BlackElo "2356"]
[PlyCount "103"]
[EventDate "2006.??.??"]

1. e4 c5 2. Nf3 d6 3. d4 cxd4 4. Nxd4 Nf6 5. Nc3 g6 6. Bc4 Bg7 7. O-O O-O 8.
Re1 a6 9. a4 b6 10. Nb3 Bb7 11. Nd5 Nbd7 12. c3 e6 13. Nxf6+ Nxf6 14. Bd3 Qc7
15. Qe2 Nd7 16. Bf4 e5 17. Be3 d5 18. exd5 Bxd5 19. Nd2 Bb7 20. f3 f5 21. Bc2
Bd5 22. Rad1 Qc6 23. Bf2 Kh8 24. Nf1 Rfe8 25. Qd2 Nf6 26. Bh4 Bg8 27. Qd6 Rac8
28. Qxc6 Rxc6 29. Bd3 Bc4 30. Bxc4 Rxc4 31. Bf2 Rxa4 32. Bxb6 Ra2 33. b4 e4 34.
Bd4 Nh5 35. Bxg7+ Kxg7 36. g3 Rc2 37. Re3 Nf6 38. Rd2 Rc1 39. Kf2 Rc8 40. Ra2
R8xc3 41. Rxc3 Rxc3 42. Ne3 exf3 43. h3 Rb3 44. Rxa6 Ne4+ 45. Kxf3 Nxg3 46.
Kxg3 Rxe3+ 47. Kg2 h5 48. b5 Rb3 49. b6 h4 50. Ra7+ Kh6 51. b7 Kg5 52. Kf2 {...
} 0-1

[Event "Frankfurt Ch 2006"]
[Site "Ffm-Kalbach, LAZ"]
[Date "2006.05.29"]
[Round "6.3"]
[White "Lisanti, Andre"]
[Black "Klundt, Klaus"]
[Result "1/2-1/2"]
[WhiteElo "2281"]
[BlackElo "2323"]
[PlyCount "108"]
[EventDate "2006.??.??"]

1. e4 Nf6 2. e5 Nd5 3. d4 d6 4. Nf3 Bg4 5. Be2 e6 6. Nc3 Nxc3 7. bxc3 Be7 8.
Rb1 b6 9. h3 Bh5 10. d5 exd5 11. exd6 Qxd6 12. Nd4 Bxe2 13. Qxe2 Nc6 14. Qb5
Kd7 15. O-O a6 16. Qe2 Nxd4 17. cxd4 Bf6 18. Re1 Rhe8 19. Qg4+ Kc6 20. Bf4 Qd7
21. Qh5 Rxe1+ 22. Rxe1 Re8 23. Rd1 Kb7 24. Be3 g6 25. Qf3 Qf5 26. Qxf5 gxf5 27.
Kf1 Re6 28. Rd3 Kc6 29. Bf4 Kd7 30. c3 Re4 31. Bd2 Kd6 32. Rf3 c5 33. dxc5+
bxc5 34. Rxf5 Ke6 35. Rh5 Ra4 36. Rh6 Ke7 37. Rh5 d4 38. Rxc5 Rxa2 39. Be1 dxc3
40. Bxc3 Kd6 41. Bb4 Rxf2+ 42. Ke1 Rb2 43. Ba3 Ra2 44. Ra5+ Kd7 45. Rxa6 Be5
46. Kf1 h5 47. Ra7+ Ke6 48. Bc5 Rc2 49. Be3 f5 50. Rh7 f4 51. Bf2 Kd5 52. Rxh5
Ke4 53. Rh7 Rc1+ 54. Ke2 Rc2+ 1/2-1/2

[Event "Frankfurt Ch 2006"]
[Site "Ffm-Kalbach, LAZ"]
[Date "2006.05.29"]
[Round "6.4"]
[White "Garbe, Ralf"]
[Black "Legde, Georg"]
[Result "0-1"]
[WhiteElo "2157"]
[BlackElo "2311"]
[PlyCount "116"]
[EventDate "2006.??.??"]

1. d4 Nf6 2. Nf3 c6 3. g3 d5 4. Bg2 Bg4 5. Ne5 Bh5 6. c4 e6 7. Nc3 Nbd7 8. Qb3
Qb6 9. Nxd7 Nxd7 10. O-O Qxb3 11. axb3 Bb4 12. e4 dxc4 13. bxc4 e5 14. Be3 O-O
15. d5 a5 16. Na4 cxd5 17. exd5 Be2 18. Rfc1 b5 19. cxb5 Bxb5 20. Nb6 Rab8 21.
Nxd7 Bxd7 22. Rc7 Rfd8 23. Ra7 a4 24. Rc1 Bd6 25. Bf1 Kf8 26. Ra6 Ke7 27. Rc2
h6 28. f4 e4 29. Bd4 f6 30. Re2 f5 31. Rc2 g5 32. Be5 Bb5 33. Bxb5 Rxb5 34.
Bxd6+ Rxd6 35. Rc7+ Rd7 36. Rxd7+ Kxd7 37. Rxa4 gxf4 38. gxf4 Rxd5 39. Ra6 h5
40. Kg2 Rd2+ 41. Kg3 Rxb2 42. Rf6 Rb5 43. Rh6 Rb3+ 44. Kg2 Rf3 45. Rxh5 Rxf4
46. Rh3 Ke6 47. Ra3 Rg4+ 48. Kf2 Ke5 49. Ke3 Rh4 50. Ra5+ Kf6 51. Ra2 Rh3+ 52.
Kd4 Rd3+ 53. Kc4 Ke5 54. Rf2 Rd8 55. h4 Rc8+ 56. Kb3 e3 57. Rh2 f4 58. h5 f3
0-1

[Event "Frankfurt Ch 2006"]
[Site "Ffm-Kalbach, LAZ"]
[Date "2006.05.29"]
[Round "6.5"]
[White "Loos, Roland"]
[Black "Kreiling, Carsten"]
[Result "1-0"]
[WhiteElo "2307"]
[BlackElo "2018"]
[PlyCount "79"]
[EventDate "2006.??.??"]

1. d4 Nf6 2. c4 e6 3. Nf3 c5 4. Nc3 cxd4 5. Nxd4 d5 6. Bg5 e5 7. Nf3 d4 8. Nd5
Nc6 9. g3 Be6 10. Bxf6 gxf6 11. Qb3 Bxd5 12. cxd5 Nb4 13. e4 Qa5 14. Kd1 Rc8
15. a3 d3 16. Rc1 Rxc1+ 17. Kxc1 Qc5+ 18. Kb1 Qc2+ 19. Qxc2 Nxc2 20. Bxd3 Nd4
21. Nxd4 exd4 22. Rc1 Kd7 23. Rc4 Bd6 24. Bf1 Re8 25. Bh3+ Ke7 26. Bf5 h6 27.
Kc2 Rb8 28. Rxd4 b6 29. Rc4 Rb7 30. Kd3 Rc7 31. f4 Rxc4 32. Kxc4 Bc5 33. e5
fxe5 34. fxe5 Bg1 35. d6+ Kd8 36. h3 Bh2 37. Kd5 Bxg3 38. Bg4 Bf4 39. Bh5 Ke8
40. e6 1-0

[Event "Frankfurt Ch 2006"]
[Site "Ffm-Kalbach, LAZ"]
[Date "2006.05.29"]
[Round "6.6"]
[White "Kinski, Sven"]
[Black "Schlamp, Robert"]
[Result "1/2-1/2"]
[WhiteElo "1798"]
[BlackElo "2228"]
[PlyCount "85"]
[EventDate "2006.??.??"]

1. e4 e5 2. Nf3 Nc6 3. d4 exd4 4. Bc4 d6 5. O-O Be7 6. Nxd4 Nf6 7. f3 O-O 8. c3
d5 9. Nxc6 bxc6 10. exd5 cxd5 11. Bd3 Bc5+ 12. Kh1 Qd6 13. b4 Bb6 14. a4 c6 15.
Na3 Bc7 16. g3 Nh5 17. Rg1 Re8 18. Ra2 Bd7 19. Bg5 h6 20. Bh4 Bb6 21. Nc4 Qc7
22. Nxb6 Qxb6 23. f4 g6 24. f5 Kg7 25. g4 Nf4 26. Bf2 Qd8 27. Bd4+ Kg8 28. fxg6
fxg6 29. Rf2 Qg5 30. Rxf4 Qxf4 31. Bxg6 Re4 32. Rf1 Bxg4 33. Rxf4 Bxd1 34. Bxe4
dxe4 35. Rf6 Bxa4 36. Rxh6 Kf7 37. Rh7+ Ke6 38. Rxa7 Rxa7 39. Bxa7 Kd5 40. Kg1
Kc4 41. Bd4 Kd3 42. Kf2 Bd1 43. h4 1/2-1/2

[Event "Frankfurt Ch 2006"]
[Site "Ffm-Kalbach, LAZ"]
[Date "2006.05.29"]
[Round "6.7"]
[White "Graebner, Walter"]
[Black "Sadeghi, Behrang"]
[Result "0-1"]
[WhiteElo "1997"]
[BlackElo "2168"]
[PlyCount "82"]
[EventDate "2006.??.??"]

1. d4 e6 2. c4 Nf6 3. Nc3 Bb4 4. Bd2 b6 5. Nf3 Bb7 6. e3 O-O 7. Bd3 d5 8. cxd5
exd5 9. O-O Nbd7 10. Rc1 a6 11. Ne2 Bd6 12. Ng3 g6 13. b4 Qe7 14. Qb3 Ne4 15.
Rb1 h5 16. Rfd1 Qf6 17. Bf1 h4 18. Nxe4 dxe4 19. Ne1 h3 20. g3 Qf5 21. d5 Bxd5
22. Qb2 Be5 23. Bc3 c6 24. Rbc1 Rfe8 25. a4 b5 26. Ra1 Bxc3 27. Qxc3 Nb6 28.
axb5 axb5 29. Qd4 Nc4 30. Ra7 Rxa7 31. Qxa7 Nb2 32. Rd2 Nd3 33. Bxd3 exd3 34.
f3 Bxf3 35. Rf2 d2 36. Rxd2 Bd5 37. Qd4 Qb1 38. Kf2 Re4 39. Qd3 Rxb4 40. Qa3
Qf5+ 41. Ke2 Bc4+ 0-1

[Event "Frankfurt Ch 2006"]
[Site "Ffm-Kalbach, LAZ"]
[Date "2006.05.29"]
[Round "6.8"]
[White "Svitek, Volker"]
[Black "Orwatsch, Gerhard"]
[Result "0-1"]
[WhiteElo "2045"]
[BlackElo "2005"]
[PlyCount "176"]
[EventDate "2006.??.??"]

1. b4 e5 2. Bb2 d6 3. c4 Nf6 4. e3 g6 5. Nf3 Bg7 6. Be2 O-O 7. O-O Re8 8. d4 e4
9. Nfd2 Nbd7 10. Nc3 Nf8 11. Rc1 c6 12. a4 a5 13. b5 h5 14. Ba3 N8h7 15. Qb3 h4
16. Rb1 Ng5 17. bxc6 bxc6 18. Qb6 Qd7 19. Kh1 h3 20. g3 Ng4 21. Qb3 Bf8 22. Qd1
Nh6 23. Rb3 Ba6 24. Qc2 f5 25. Rfb1 Ngf7 26. Rb6 Qc7 27. Ncxe4 fxe4 28. Nxe4
Bg7 29. Bd3 Nf5 30. c5 Bxd3 31. Qxd3 d5 32. Nd6 N7xd6 33. cxd6 Qf7 34. Qf1 Rad8
35. Qxh3 Nxd6 36. Bxd6 Rxd6 37. Kg2 Rf8 38. f4 Qe7 39. Kf2 Qe4 40. R1b2 Re6 41.
R6b3 c5 42. Qg2 cxd4 43. Qxe4 Rxe4 44. Rc2 dxe3+ 45. Ke2 Rxa4 46. Kxe3 Rc4 47.
Rxc4 dxc4 48. Ra3 Rf5 49. Ke4 Rc5 50. Ra2 c3 51. Rc2 a4 52. h4 a3 53. g4 a2 54.
Rxa2 c2 55. Rxc2 Rxc2 56. f5 gxf5+ 57. Kxf5 Kf7 58. g5 Rc5+ 59. Kg4 Bc3 60. Kh5
Kg7 61. Kg4 Bd2 62. Kh5 Bxg5 63. hxg5 Ra5 64. Kg4 Kg6 65. Kf4 Rxg5 66. Ke4 Rf5
67. Ke3 Kf6 68. Ke4 Ke6 69. Kd4 Rf4+ 70. Ke3 Ke5 71. Kd3 Rf3+ 72. Kc4 Rh3 73.
Kc5 Rc3+ 74. Kb4 Kd4 75. Kb5 Rc1 76. Kb6 Kd5 77. Kb7 Kd6 78. Kb8 Kd7 79. Ka7
Rb1 80. Ka6 Kc7 81. Ka5 Kc6 82. Ka4 Kc5 83. Ka3 Kc4 84. Ka2 Rb8 85. Ka3 Rb7 86.
Ka2 Kc3 87. Ka1 Kc2 88. Ka2 Ra7# 0-1

[Event "Frankfurt Ch 2006"]
[Site "Ffm-Kalbach, LAZ"]
[Date "2006.05.29"]
[Round "6.9"]
[White "Diaz, Joaquin"]
[Black "Malek, Daniel"]
[Result "1/2-1/2"]
[WhiteElo "2087"]
[BlackElo "2267"]
[PlyCount "111"]
[EventDate "2006.??.??"]

1. e4 e6 2. d4 d5 3. e5 c5 4. c3 Nc6 5. Nf3 Qb6 6. a3 Nh6 7. Bd3 cxd4 8. cxd4
Bd7 9. Bc2 Nf5 10. Bxf5 exf5 11. O-O Rc8 12. Nc3 Be6 13. Na4 Qd8 14. Bg5 Be7
15. Bxe7 Qxe7 16. Rc1 O-O 17. Qd2 b6 18. b4 Qd7 19. Nc3 a5 20. b5 Na7 21. a4
Rc4 22. Rc2 Rfc8 23. Ra1 f4 24. Ra3 Qe7 25. Rb3 g5 26. Rc1 h6 27. h3 Kg7 28.
Kh2 R8c7 29. Qd3 Qd7 30. Qd2 Nc8 31. Re1 Ne7 32. Ra3 Qc8 33. Rc1 Nf5 34. g4
fxg3+ 35. fxg3 Ne7 36. g4 Ng6 37. Qe3 Nf4 38. Nd2 Rb4 39. Rf1 Rb2 40. Rf2 Qf8
41. Ra1 Qb4 42. Rc1 Qa3 43. Rf3 Rc8 44. Kh1 Qb4 45. Rf2 Nxh3 46. Qxh3 Qxd4 47.
Rh2 Rh8 48. Nf1 Rb3 49. Qg3 Qb4 50. Qf2 Rxc3 51. Qf6+ Kg8 52. Rxc3 Qxc3 53.
Qd8+ Kg7 54. Qf6+ Kg8 55. Qd8+ Kh7 56. Rxh6+ 1/2-1/2

[Event "Frankfurt Ch 2006"]
[Site "Ffm-Kalbach, LAZ"]
[Date "2006.05.29"]
[Round "6.10"]
[White "Calvi, Stefan"]
[Black "Wahedi, Ahmad Siar"]
[Result "0-1"]
[WhiteElo "1943"]
[BlackElo "2206"]
[PlyCount "68"]
[EventDate "2006.??.??"]

1. e4 e6 2. d4 d5 3. Nc3 Bb4 4. a3 Bxc3+ 5. bxc3 dxe4 6. f3 c5 7. Qd2 Nc6 8.
Bb2 Nf6 9. O-O-O Qa5 10. Qg5 O-O 11. fxe4 cxd4 12. Qxa5 Nxa5 13. cxd4 Nxe4 14.
Nh3 Bd7 15. Bd3 Nd6 16. Ng5 h6 17. Nf3 Nac4 18. Rhe1 Bc6 19. Re2 Rac8 20. Nd2
Bd5 21. Nxc4 Nxc4 22. Bxc4 Rxc4 23. Kb1 Rfc8 24. Bc1 R8c6 25. Rf2 b5 26. Bf4 b4
27. axb4 Rxb4+ 28. Kc1 Ra6 29. Be3 Be4 30. g4 Ra2 31. h4 a5 32. g5 h5 33. d5
exd5 34. Bd4 Rc4 0-1

[Event "Frankfurt Ch 2006"]
[Site "Ffm-Kalbach, LAZ"]
[Date "2006.05.29"]
[Round "6.11"]
[White "Kayser, Felix"]
[Black "Gramlich, Sebastian"]
[Result "1-0"]
[WhiteElo "2083"]
[BlackElo "2184"]
[PlyCount "165"]
[EventDate "2006.??.??"]

1. e4 d5 2. exd5 Nf6 3. d4 Bg4 4. Be2 Bxe2 5. Qxe2 Qxd5 6. Nf3 e6 7. Nc3 Qh5 8.
Bg5 c6 9. O-O-O Be7 10. Bxf6 Bxf6 11. Ne4 Be7 12. Kb1 Nd7 13. g4 Qa5 14. Nfd2
O-O-O 15. Nc4 Qc7 16. f4 Nf6 17. Ne5 Rhf8 18. Ng5 Bd6 19. h3 Nd5 20. Qf3 h6 21.
Ne4 Be7 22. f5 exf5 23. Qxf5+ Kb8 24. Qf3 Nf6 25. Ng3 Nd7 26. Nc4 Nb6 27. Ne3
Bf6 28. c3 c5 29. dxc5 Nd7 30. Nd5 Qc6 31. Rhe1 Nxc5 32. Nf5 Ne6 33. Qg3+ Nc7
34. Nxf6 Qxf6 35. Rxd8+ Rxd8 36. Re7 Qc6 37. Nd4 Qb6 38. Qf4 g5 39. Qg3 a6 40.
Rxf7 Qg6+ 41. Rf5 Rd6 42. Kc1 Kc8 43. Qe5 Rd8 44. Rf6 Qg8 45. Ne6 Nxe6 46. Rxe6
Qf7 47. Kc2 Qd7 48. Kb3 a5 49. Re7 Qc6 50. Qe6+ Qxe6+ 51. Rxe6 h5 52. gxh5 Rd3
53. Rg6 Rg3 54. Ka4 Kc7 55. Kxa5 Rxh3 56. Rxg5 Rh2 57. b4 Rxa2+ 58. Kb5 Rh2 59.
c4 Rh4 60. c5 Kd7 61. Rg7+ Kc8 62. Rh7 Kb8 63. h6 Ka8 64. Ka5 Ka7 65. b5 Kb8
66. Kb6 Kc8 67. Rh8+ Kd7 68. h7 Rh6+ 69. Kxb7 Rh5 70. Rc8 Rxh7 71. Rc7+ Ke6 72.
Rxh7 Kd5 73. c6 Ke5 74. c7 Kd5 75. c8=R Kd6 76. b6 Ke6 77. Rd8 Kf6 78. Kc6 Kg6
79. Re7 Kf6 80. Kd6 Kg6 81. Rf8 Kh6 82. Rg8 Kh5 83. Rh7# 1-0

[Event "Frankfurt Ch 2006"]
[Site "Ffm-Kalbach, LAZ"]
[Date "2006.05.29"]
[Round "6.12"]
[White "Uwira, Oliver"]
[Black "Von Auer, Ulrich"]
[Result "0-1"]
[WhiteElo "2169"]
[BlackElo "1990"]
[PlyCount "102"]
[EventDate "2006.??.??"]

1. d4 Nf6 2. Bg5 c5 3. Bxf6 gxf6 4. d5 Qb6 5. Qc1 f5 6. c4 Bg7 7. Nc3 d6 8. e3
Nd7 9. Qd2 Nf6 10. f3 Bd7 11. Nh3 O-O-O 12. Nf4 h5 13. Bd3 h4 14. O-O Nh5 15.
Rab1 Nxf4 16. exf4 Bd4+ 17. Kh1 e5 18. Ne2 Rde8 19. Nxd4 exd4 20. Rfe1 Qd8 21.
Rxe8 Rxe8 22. Re1 Rxe1+ 23. Qxe1 b6 24. g3 hxg3 25. Qxg3 Qe7 26. Qf2 Kd8 27.
Kg2 Ke8 28. b4 Kf8 29. bxc5 bxc5 30. Kh3 Qf6 31. Qg3 Qh6+ 32. Kg2 Qg6 33. Qg5
Kg7 34. Kf2 f6 35. Qg3 Kh6 36. Kf1 Qe8 37. Qh3+ Kg6 38. Qg4+ Kf7 39. Bxf5 Bxf5
40. Qxf5 Qe3 41. Qe4 Qc1+ 42. Kg2 Qd2+ 43. Kg3 d3 44. Qe6+ Kg7 45. Qe7+ Kg8 46.
Qxd6 Qe1+ 47. Kg4 d2 48. Qxf6 d1=Q 49. Qd8+ Kf7 50. Qd7+ Qe7 51. Qf5+ Kg7 0-1

[Event "Frankfurt Ch 2006"]
[Site "Ffm-Kalbach, LAZ"]
[Date "2006.05.29"]
[Round "6.14"]
[White "Bonsen, Andreas"]
[Black "Seidel, Andre"]
[Result "1/2-1/2"]
[WhiteElo "1885"]
[BlackElo "2094"]
[PlyCount "60"]
[EventDate "2006.??.??"]

1. d4 d5 2. Bf4 Nf6 3. Nf3 Bf5 4. e3 e6 5. Bd3 Bxd3 6. Qxd3 c6 7. Nbd2 Bd6 8.
Bxd6 Qxd6 9. O-O O-O 10. Ne5 Nbd7 11. f4 c5 12. c3 Qe7 13. Rf3 c4 14. Qc2 Ne8
15. e4 f6 16. Nxd7 Qxd7 17. b3 b5 18. a4 Nd6 19. exd5 exd5 20. axb5 cxb3 21.
Nxb3 Qxb5 22. Ra5 Qb7 23. Nc5 Qc7 24. Nb3 Qf7 25. Nd2 Rfc8 26. Qa2 Ne4 27. Nxe4
dxe4 28. Qxf7+ Kxf7 29. Re3 a6 30. f5 Rc4 1/2-1/2

[Event "Frankfurt Ch 2006"]
[Site "Ffm-Kalbach, LAZ"]
[Date "2006.05.29"]
[Round "6.15"]
[White "Minor, Samuel"]
[Black "Kabir, Razaul"]
[Result "1-0"]
[WhiteElo "2092"]
[BlackElo "2024"]
[PlyCount "57"]
[EventDate "2006.??.??"]

1. e4 c5 2. Nf3 e6 3. d3 Nc6 4. g3 d5 5. Qe2 d4 6. Bg2 e5 7. Nbd2 Be6 8. Nc4 f6
9. a4 Nge7 10. Nfd2 Ng6 11. O-O h5 12. h4 Qd7 13. Bf3 Bg4 14. Bxg4 hxg4 15. Kg2
Rxh4 16. Rg1 Be7 17. Nf1 Rh7 18. Bd2 O-O-O 19. Nh2 Nh4+ 20. gxh4 Rxh4 21. Nf1
g3 22. fxg3 Qh3+ 23. Kf2 f5 24. exf5 Rf8 25. Ke1 Rh7 26. Nxe5 Bd6 27. Nxc6 Qxf5
28. Nxa7+ Kb8 29. Nb5 1-0

[Event "Frankfurt Ch 2006"]
[Site "Ffm-Kalbach, LAZ"]
[Date "2006.05.29"]
[Round "6.16"]
[White "Ahrends, Norbert"]
[Black "Schwenkreis, Thomas"]
[Result "0-1"]
[WhiteElo "1884"]
[BlackElo "2090"]
[PlyCount "76"]
[EventDate "2006.??.??"]

1. d4 Nf6 2. c4 d6 3. Nc3 a5 4. g3 g6 5. Bg2 Nc6 6. e3 Bg7 7. Nge2 O-O 8. O-O
Nd7 9. b3 e6 10. e4 e5 11. Be3 Ne7 12. d5 h6 13. a3 f5 14. Qd2 Kh7 15. f3 Nf6
16. Rac1 b6 17. f4 Ng4 18. h3 Nxe3 19. Qxe3 Bd7 20. Kh2 fxe4 21. Nxe4 Nf5 22.
Qd3 Qe7 23. fxe5 Bxe5 24. Nf4 Rae8 25. Rce1 Qg7 26. Ne2 Kh8 27. Kh1 Re7 28. g4
Nh4 29. Rxf8+ Qxf8 30. Rf1 Qg7 31. N4g3 Bb2 32. Be4 Bxa3 33. Nf4 Bc5 34. Bxg6
Re3 35. Ngh5 Rxd3 36. Nxg7 Rxb3 37. Ngh5 Bd4 38. Kh2 Rf3 {Rest unleserlich} 0-1

[Event "Frankfurt Ch 2006"]
[Site "Ffm-Kalbach, LAZ"]
[Date "2006.05.29"]
[Round "6.17"]
[White "Benninger, Rudolf"]
[Black "Ruebsamen, Dietmar"]
[Result "1-0"]
[WhiteElo "2019"]
[BlackElo "1860"]
[PlyCount "53"]
[EventDate "2006.??.??"]

1. e4 d5 2. exd5 Qxd5 3. Nc3 Qa5 4. d4 c6 5. Nf3 Bf5 6. Bc4 Nf6 7. Bd2 e6 8.
Nd5 Qd8 9. Nxf6+ gxf6 10. Bb3 a5 11. a3 a4 12. Ba2 Qb6 13. Nh4 Bg6 14. Nxg6
hxg6 15. Bc3 Bg7 16. Qe2 f5 17. O-O-O O-O 18. h4 Re8 19. f4 Qc7 20. g3 c5 21.
h5 Ra6 22. hxg6 fxg6 23. d5 Bxc3 24. bxc3 Qg7 25. Qe3 b6 26. dxe6 Kf8 27. e7+
1-0

[Event "Frankfurt Ch 2006"]
[Site "Ffm-Kalbach, LAZ"]
[Date "2006.05.29"]
[Round "6.18"]
[White "Fischer, Arthur"]
[Black "Noble, Alexander"]
[Result "0-1"]
[WhiteElo "1858"]
[BlackElo "2008"]
[PlyCount "44"]
[EventDate "2006.??.??"]

1. e4 e6 2. d4 d5 3. Nc3 Nf6 4. Bg5 Bb4 5. e5 h6 6. Bd2 Bxc3 7. bxc3 Ne4 8. Qg4
Kf8 9. Nf3 c5 10. Bd3 Nxd2 11. Nxd2 Nc6 12. Qf4 Qg5 13. Qxg5 hxg5 14. Bb5 cxd4
15. Bxc6 dxc3 16. Nf3 bxc6 17. Nxg5 Ba6 18. Rb1 Ke7 19. f4 Rab8 20. Kf2 Rb2 21.
Rxb2 cxb2 22. Rb1 Rb8 0-1

[Event "Frankfurt Ch 2006"]
[Site "Ffm-Kalbach, LAZ"]
[Date "2006.05.29"]
[Round "6.19"]
[White "Winand, Edgar"]
[Black "Czech, Ludwig"]
[Result "0-1"]
[WhiteElo "1824"]
[BlackElo "2004"]
[PlyCount "58"]
[EventDate "2006.??.??"]

1. Nf3 f5 2. b3 e6 3. Bb2 Nf6 4. d4 b6 5. e3 Bb7 6. Nbd2 Be7 7. Bd3 O-O 8. Qe2
Ne4 9. O-O d6 10. Rad1 Nd7 11. Ne1 Qe8 12. Nxe4 fxe4 13. Ba6 Bxa6 14. Qxa6 d5
15. c4 Bd6 16. f4 exf3 17. gxf3 Qh5 18. Rd2 Bb4 19. Rg2 Bxe1 20. Rxe1 Rxf3 21.
Qb7 Raf8 22. Qxc7 Qf7 23. h4 Qe7 24. Qh2 Qf6 25. Kh1 Qf5 26. Rg3 Rf2 27. Rg2
Qe4 28. Qg3 Rxg2 29. Qxg2 Qxh4+ 0-1

[Event "Frankfurt Ch 2006"]
[Site "Ffm-Kalbach, LAZ"]
[Date "2006.05.29"]
[Round "6.20"]
[White "Hupprich, Thorsten"]
[Black "Kolker, Vladislav"]
[Result "0-1"]
[WhiteElo "2003"]
[BlackElo "1856"]
[PlyCount "104"]
[EventDate "2006.??.??"]

1. c4 Nf6 2. Nc3 g6 3. Nf3 Bg7 4. g3 O-O 5. Bg2 d6 6. O-O e5 7. d3 Nh5 8. Bd2
f5 9. Qb3 c6 10. Bg5 Qc7 11. Bd2 h6 12. Nh4 g5 13. Bf3 Qf7 14. Bxh5 Qxh5 15.
Ng2 Nd7 16. f3 Nf6 17. Qd1 Be6 18. Qe1 Rae8 19. e4 d5 20. exf5 Bxf5 21. g4 Bxg4
22. fxg4 Nxg4 23. Qg3 e4 24. h3 Ne5 25. dxe4 Nf3+ 26. Rxf3 Rxf3 27. Qg4 Bd4+
28. Be3 Qxg4 29. hxg4 Rxe3 30. Nxe3 Bxe3+ 31. Kg2 d4 32. Ne2 Rxe4 33. Kf3 Re7
34. Rh1 Re6 35. Ng3 c5 36. Nf5 Kh7 37. b3 Bf4 38. Rd1 Bd6 39. Rh1 Bf8 40. Rd1
Kg6 41. Ng3 Bd6 42. Ne4 b6 43. Rg1 Bf4 44. Rh1 Re7 45. Re1 d3 46. Rd1 d2 47.
Nxd2 Rd7 48. Ke2 Rxd2+ 49. Rxd2 Bxd2 50. Kxd2 h5 51. gxh5+ Kxh5 52. Ke2 Kh4 0-1

[Event "Frankfurt Ch 2006"]
[Site "Ffm-Kalbach, LAZ"]
[Date "2006.05.29"]
[Round "6.21"]
[White "Kühnel, Marcus"]
[Black "Völker, Sebastian"]
[Result "0-1"]
[WhiteElo "1807"]
[BlackElo "1992"]
[PlyCount "64"]
[EventDate "2006.??.??"]

1. e4 c6 2. d4 d5 3. e5 Bf5 4. Nc3 e6 5. g4 Bg6 6. Nge2 h5 7. Nf4 Bh7 8. Nxh5
c5 9. dxc5 Nc6 10. Bb5 Bxc5 11. Nxg7+ Kf8 12. Bxc6 Kxg7 13. Ba4 d4 14. Ne2 Be4
15. Rg1 Rxh2 16. Bf4 Rh3 17. Qd2 Qb6 18. O-O-O Qa6 19. Rg3 Rh7 20. Bb3 Rd8 21.
Nxd4 Rxd4 22. Qe1 Rxd1+ 23. Kxd1 Rh1 24. Rg1 Bf3+ 25. Kc1 Rxg1 26. Qxg1 Qe2 27.
Bg3 Bd4 28. c3 Bxe5 29. Bc2 Bxg3 30. fxg3 Nf6 31. g5 Nd5 32. Qd4+ e5 0-1

[Event "Frankfurt Ch 2006"]
[Site "Ffm-Kalbach, LAZ"]
[Date "2006.05.29"]
[Round "6.22"]
[White "Kästle, Rainer"]
[Black "Schöne, Matthias"]
[Result "0-1"]
[WhiteElo "1987"]
[BlackElo "1846"]
[PlyCount "50"]
[EventDate "2006.??.??"]

1. d4 Nf6 2. c4 c5 3. d5 b5 4. e3 Bb7 5. Nf3 e6 6. dxe6 fxe6 7. cxb5 Be7 8. Be2
O-O 9. O-O d5 10. Nc3 Nbd7 11. b3 Bd6 12. Bb2 Rc8 13. Rc1 Qe8 14. h3 Qg6 15.
Bd3 Qh6 16. Nh2 Ne5 17. f4 Nxd3 18. Qxd3 d4 19. Nd1 Be4 20. Qd2 Nd5 21. Ng4 Qg6
22. exd4 Bxf4 23. Rxf4 Nxf4 24. Nde3 h5 25. Ne5 Qg3 0-1

[Event "Frankfurt Ch 2006"]
[Site "Ffm-Kalbach, LAZ"]
[Date "2006.05.29"]
[Round "6.23"]
[White "Ganjian, Mehrdad"]
[Black "Henzner, Reiner"]
[Result "0-1"]
[WhiteElo "1802"]
[BlackElo "1982"]
[PlyCount "80"]
[EventDate "2006.??.??"]

1. c4 Nf6 2. Nc3 e5 3. d3 Bb4 4. Qc2 c6 5. a3 Ba5 6. b4 Bb6 7. Bg5 Bxf2+ 8. Kd1
h6 9. Bd2 O-O 10. Nf3 Re8 11. e4 d5 12. Ke2 Bd4 13. Re1 dxe4 14. Nxe4 Nxe4 15.
dxe4 Na6 16. Rd1 Nc7 17. h3 Qe7 18. g3 b5 19. c5 Be6 20. Ke1 f6 21. Be2 a5 22.
Nxd4 exd4 23. Bf4 axb4 24. Bd6 Qf7 25. Rxd4 Rxa3 26. Kf2 Ra2 27. Qd1 Bc4 28.
Re1 Ne6 29. Rd2 Rxd2 30. Qxd2 Ng5 31. Bf3 Nxh3+ 32. Kg2 Ng5 33. Qf4 b3 34. Bd1
Rxe4 35. Rxe4 Nxe4 36. Qf5 Nxd6 37. cxd6 Qd5+ 38. Qxd5+ Bxd5+ 39. Bf3 Bxf3+ 40.
Kxf3 Kf7 0-1

[Event "Frankfurt Ch 2006"]
[Site "Ffm-Kalbach, LAZ"]
[Date "2006.05.29"]
[Round "6.24"]
[White "Escher, Helmut"]
[Black "Genis, Roy"]
[Result "1/2-1/2"]
[WhiteElo "1981"]
[BlackElo "1812"]
[PlyCount "113"]
[EventDate "2006.??.??"]

1. d4 Nf6 2. Nf3 d5 3. Bf4 c6 4. e3 Bf5 5. Bd3 Bxd3 6. Qxd3 Nbd7 7. Nbd2 e6 8.
O-O Be7 9. h3 O-O 10. c4 c5 11. Bh2 Rc8 12. Rac1 cxd4 13. exd4 dxc4 14. Nxc4
Nc5 15. Qe2 Nce4 16. Rfd1 Qd5 17. b3 Bb4 18. Ne3 Qh5 19. Rxc8 Rxc8 20. Be5 Nc3
21. Qc2 Qg6 22. Qxg6 hxg6 23. Ra1 Ne2+ 24. Kf1 Rc1+ 25. Rxc1 Nxc1 26. Bxf6 gxf6
27. d5 Nxa2 28. Nd4 Nc1 29. Nec2 Bc5 30. dxe6 fxe6 31. Nxe6 Nxb3 32. Ke2 b6 33.
f4 a5 34. g4 Kf7 35. f5 g5 36. Kd3 Bf2 37. Kc4 Nc5 38. Ncd4 Ne4 39. Kb5 Bxd4
40. Nxd4 Nf2 41. Kxb6 a4 42. Nc2 Nxh3 43. Ka5 Nf2 44. Kxa4 Nxg4 45. Kb5 Nh6 46.
Ne3 Nxf5 47. Nxf5 Ke6 48. Ng3 Ke5 49. Kc4 f5 50. Kd3 f4 51. Ke2 g4 52. Kf2 Kf6
53. Ne2 Kg5 54. Nxf4 Kxf4 55. Kg2 g3 56. Kg1 Kf3 57. Kf1 1/2-1/2

[Event "Frankfurt Ch 2006"]
[Site "Ffm-Kalbach, LAZ"]
[Date "2006.05.29"]
[Round "6.26"]
[White "Matthis, Peter"]
[Black "Hoti, Safet"]
[Result "0-1"]
[WhiteElo "1786"]
[BlackElo "1942"]
[PlyCount "28"]
[EventDate "2006.??.??"]

1. e4 c5 2. Nf3 Nc6 3. d4 cxd4 4. Nxd4 Nf6 5. Nc3 e5 6. Ndb5 d6 7. f3 a6 8. Na3
Be7 9. Bc4 O-O 10. O-O b5 11. Bd5 b4 12. Nc4 bxc3 13. Bxc6 Rb8 14. bxc3 Qc7 0-1

[Event "Frankfurt Ch 2006"]
[Site "Ffm-Kalbach, LAZ"]
[Date "2006.05.29"]
[Round "6.27"]
[White "Rutkowski, Jörg"]
[Black "Enders, Georg"]
[Result "1-0"]
[WhiteElo "1919"]
[BlackElo "1791"]
[PlyCount "55"]
[EventDate "2006.??.??"]

1. e4 e5 2. Nc3 Nc6 3. Nf3 Nf6 4. g3 Bc5 5. Bg2 O-O 6. O-O a6 7. Nxe5 Nxe5 8.
d4 Bxd4 9. Qxd4 d6 10. f4 c5 11. Qf2 Nfg4 12. Qe1 Nc6 13. h3 Nf6 14. Be3 Re8
15. Qd2 Qe7 16. Rad1 Rd8 17. Rfe1 Rb8 18. Nd5 Qe6 19. f5 Qe5 20. Nxf6+ Qxf6 21.
Bg5 Qd4+ 22. Qxd4 Nxd4 23. Bxd8 Nxc2 24. Bc7 Ra8 25. Rxd6 g6 26. f6 h5 27. Red1
Nd4 28. R1xd4 1-0

[Event "Frankfurt Ch 2006"]
[Site "Ffm-Kalbach, LAZ"]
[Date "2006.05.29"]
[Round "6.28"]
[White "Adair, Robin"]
[Black "Zuyev, Igor"]
[Result "1-0"]
[WhiteElo "1797"]
[BlackElo "1898"]
[PlyCount "131"]
[EventDate "2006.??.??"]

1. Nf3 f5 2. d4 Nf6 3. Bg5 Ne4 4. e3 Nxg5 5. Nxg5 e5 6. h4 c6 7. Be2 Qf6 8. c3
d5 9. dxe5 Qxe5 10. Nd2 Bc5 11. Ndf3 Qf6 12. Nd4 O-O 13. Qc2 h6 14. Ngf3 Nd7
15. O-O-O Ne5 16. Nxe5 Qxe5 17. g3 Qf6 18. h5 b5 19. Rh4 Bd7 20. Nb3 Bb6 21.
Qd2 a5 22. Bd3 c5 23. Bb1 a4 24. Nxc5 Bc6 25. Nd3 a3 26. Nb4 axb2+ 27. Kxb2 d4
28. exd4 Bf3 29. Re1 Qd6 30. Qf4 Qxf4 31. Rxf4 Bg4 32. Nd5 Bd8 33. Ne7+ Bxe7
34. Rxe7 Bxh5 35. Rxf5 Rxf5 36. Bxf5 Rf8 37. g4 Be8 38. d5 h5 39. d6 h4 40. d7
Bxd7 41. Rxd7 g5 42. Rd1 Kg7 43. Kb3 Kf6 44. Re1 Rd8 45. Re6+ Kf7 46. Rg6 Rh8
47. Rxg5 Kf6 48. f4 h3 49. Be4 h2 50. Bh1 Rd8 51. Rxb5 Rd1 52. Bb7 Rf1 53. g5+
Ke6 54. f5+ Kd6 55. g6 Ke7 56. Be4 Re1 57. Rb7+ Kd6 58. Rh7 Rxe4 59. Rxh2 Rg4
60. Rf2 Ke7 61. f6+ Kf8 62. g7+ Kf7 63. a4 Rg1 64. a5 Ra1 65. Rg2 Rb1+ 66. Kc2
1-0